| 000 | 00681nam a22002417a 4500 | ||
|---|---|---|---|
| 001 | 92220 | ||
| 003 | UA-OsUOA | ||
| 005 | 20230201160238.0 | ||
| 007 | ta | ||
| 008 | 20121211b un ||||| |||| 00| 0 ukr d | ||
| 020 | _a5737200299 | ||
| 040 |
_aUA-OsUOA _bukr _cUA-OsUOA _dUA-OsUOA |
||
| 041 | _aukr | ||
| 080 | _a821.161.2 | ||
| 090 |
_a821.161.2 _bЧ-47 |
||
| 100 | _aЧерінь Г. | ||
| 245 |
_aКалейдоскоп _bстатті і рецензії _cГанна Черінь |
||
| 260 |
_aК. _bВсесвіт _c1995 |
||
| 300 |
_a368 с. _bпортр. |
||
| 650 | 7 |
_a82 Література. Літературознавство _2UDC |
|
| 942 |
_cBK _2udc |
||
| 955 | _a3 | ||
| 999 |
_c378446 _d378446 |
||